000 00444nam a2200157Ia 4500
003 GCL
008 140319s9999 xx 000 0 ara d
040 _aGCL /
_cGCL
082 0 4 _a821.008
_bا ا
100 1 _aالسيد محمد على
245 1 0 _aالمولوية /
_cالسيد محمد على
300 _a145 ص
650 0 4 _aالادب العربى
650 0 4 _aالمسرحيات العربية - مجموعات
942 _2ddc
_cBK
999 _c44444
_d44444